00413 a2200109 4500001001000000005001700010008004100027245012400068100003000192773006400222999001700286ART_1830220260410161919.0260409a 10aLegitimación en impugnabilidad en los recursos contra resoluciones de la Inspección General de Personas Jurídicas1 aGonzalez Arzac, Rafael M.0 tLa informacióng- Tomo XXX, Nº 535 (jul. 1974)wREV14902 c27524d27524